000 00423nam a2200109Ia 4500
008 170221s9999 xx 000 0 und d
100 _aPran Krishansing Boolaky
245 _aDeterminants of the Strength of Auditing and Reporting Standards: a Cross-Country Study
245 _cPran Krishansing Boolaky, Chandrasekhar Krishnamurti, and Ariful Hoque
650 _xBusiness
856 _uhttp://ro.uow.edu.au/aabfj/vol7/iss4/3/
999 _c307538
_d307538